000 00617nam a2200217Ia 4500
003 0100
008 130303s9999 xx 000 0 und d
040 _cARRUPELIB
050 _aBR128.D851997
100 _aD'Souza, Rudolf V
245 4 _aThe Bhagavadgita and ST. John of the Cross
245 _bA Comparative study of the Dynamism of Spiritual Growth in the Process of God-Re
260 _aAnand, Gujarat
260 _bGujarat Sahitya Prakash
260 _C1997
300 _a460p
650 _bChilembwe, John
650 _cBooth, Joseph
650 _dMalawi--History--Chilembwe rebellion
942 0 0 _01
999 _c17269
_d17269